|
|
|
|
| LEADER |
01418nam a2200325 a 4500 |
| 001 |
c000174059 |
| 003 |
CARM |
| 005 |
20041008145335.0 |
| 008 |
860410s1974 cau b 000 0 eng d |
| 019 |
1 |
|
|a 24474681
|5 LACONCORD2021
|
| 020 |
|
|
|a 0201078775
|
| 035 |
|
|
|a (OCoLC)13414083
|5 LACONCORD2021
|
| 040 |
|
|
|a CIN
|b eng
|c CIN
|d WCX
|
| 082 |
0 |
4 |
|a 300.7
|2 21
|
| 100 |
1 |
0 |
|a Myers, Charles B.
|
| 245 |
1 |
0 |
|a People in change :
|b the Middle East.
|p Teacher's guide /
|c author, Charles B. Myers ; consulting editors, Mary C. Durkin, Norman E. Wallen.
|
| 260 |
|
|
|a [Menlo Park, Calif.] :
|b Addison-Wesley Pub. Co.,
|c c1974.
|
| 300 |
|
|
|a T56 p. ;
|c 28 cm.
|
| 440 |
|
0 |
|a Taba social science units
|
| 504 |
|
|
|a Includes bibliographical references (p. T4-T5).
|
| 650 |
|
0 |
|a Social sciences
|x Study and teaching.
|
| 651 |
|
0 |
|a Middle East
|x Social conditions
|x Study and teaching.
|
| 710 |
2 |
|
|a Addison-Wesley Publishing Company.
|
| 710 |
2 |
|
|a Western Australian Teaching and Curriculum Collection.
|
| 740 |
0 |
0 |
|a Middle East.
|
| 852 |
8 |
|
|b CARM
|h A3:AF05D0
|i D07281
|p 0244412
|f BK
|
| 852 |
8 |
|
|b CARM
|h A1:AO19C0
|i F02506
|p 0406088
|f BK
|
| 999 |
f |
f |
|i 95fa6a53-e4fe-59ac-ac62-c21b49c40297
|s efd7b24f-3660-59f4-8c1f-8dbecb65027e
|
| 952 |
f |
f |
|p Can circulate
|a CAVAL
|b CAVAL
|c CAVAL
|d CARM 1 Store
|e F02506
|f A1:AO19C0
|h Other scheme
|i book
|m 0406088
|
| 952 |
f |
f |
|p Can circulate
|a CAVAL
|b CAVAL
|c CAVAL
|d CARM 1 Store
|e D07281
|f A3:AF05D0
|h Other scheme
|i book
|m 0244412
|